000 00698nam a22002417a 4500
001 47897
003 UA-OsUOA
005 20210707200418.0
007 ta
008 20070822b un ||||| |||| 00| 0 ukr d
040 _aUA-OsUOA
_bukr
_cUA-OsUOA
_dUA-OsUOA
041 _aukr
080 _a82.09
090 _a82.09
_bГ68
100 _aГордієнко А.
245 _aМагістралі прогресу і тупики "деідеологізації"
260 _aК.
_c1975
300 _a242 с.
650 7 _a82 Література. Літературознавство
_2UDC
942 _cBK
_2udc
955 _a3
999 _c334003
_d334003